Eminem Lyrics - Multiple Choice - Statistics

General Stats
  • This quiz has been taken 184 times
  • The average score is 11 of 15
Answer Stats
Question Answer % Correct
Eminem Lyric? I'm not afraid, to take a stand.
92%
Eminem Lyric? Till I collapse, I'm spillin' these raps long as you feel em'.
85%
Eminem Lyric? Fill em' with the venom and eliminate em'.
82%
Eminem Lyric? Now this looks like a job for me, cause' we need a little, controversy.
82%
Eminem Lyric? He didn't just spell out the word rapper and leave out a P, did he?
80%
Eminem Lyric? B**ches they come they go, Saturday through Sunday, Monday,
78%
Eminem Lyric? Cause' I am, whatever you say I am.
77%
Eminem Lyric? I can't tell you what it really is, I can only tell you what it feels like.
77%
Eminem Lyric? Music is like magic, there's a certain feelin' you get when you real and you spit
77%
Eminem Lyric? I guess I'm a Criminal, you're goddamn right..
76%
Eminem Lyric? BLEED, B**CH BLEED!
70%
Eminem Lyric? Are you proud of me yet debbie? I done turned my whole life around.
60%
Eminem Lyric? The pain is such a sudden rush for me!
58%
Eminem Lyric? Something's wrong with me, my god. Old Habits Die Hard.
51%
Eminem Lyric? Stickin' a clip in the uz' that I been itchin' to use, lookin' like Nicholas Cruise.
31%
No matching quizzes found
Score Distribution
Percent of People with Each Score
Percentile by Number Answered
Your Score History
You have not taken this quiz